00389nam a22001457a 450000500170000000800410001702000180005804100080007608200090008410000360009324500390012926000430016830000080021165000240021920160519154549.0160519b xxu||||| |||| 00| 0 eng d a81-219-0817-5 aeng b3316 aAvadhanulu MN & Kshrisagar P.G. aA Text book of Engineering Physics aNew DelhibSultan Chand & Sons. c1992 a758 aDIPLOMA ENGINEERING